| 000 | 00729nam a22002177a 4500 | ||
|---|---|---|---|
| 003 | NUST-PNEC | ||
| 005 | 20170116180704.0 | ||
| 008 | 140917b xxu||||| |||| 00| 0 eng d | ||
| 020 | _a0071428674 | ||
| 020 | _a9780071428675 | ||
| 040 | _cPNEC | ||
| 082 | _a621.0202 AVA | ||
| 100 |
_9300 _aAvallone, Eugene A. |
||
| 245 |
_a Marks' standard handbook for mechanical engineers _cEugene A. Avallone |
||
| 250 | _a11th ed. | ||
| 260 |
_aNew York _bMcGraw-Hill _cc2007. |
||
| 300 |
_a1800 p. : _bill. : _c26 cm. |
||
| 500 | _aIncludes Index http://www.amazon.com/Marks-Standard-Handbook-Mechanical-Engineers/dp/0071428674/ref=sr_1_1?s=books&ie=UTF8&qid=1410941525&sr=1-1&keywords=0071428674 | ||
| 650 | _xME | ||
| 942 |
_2ddc _cBK |
||
| 999 |
_c60667 _d60667 |
||